Ver para creer. La Información ciudadana en América Central: un estudio desde la sociedad civil
Uloženo v:
| Hlavní autor: | |
|---|---|
| Médium: | Text |
| Vydáno: |
San José:
Fundacion Acceso. IDRC
|
| Témata: | |
| Tagy: |
Přidat tag
Žádné tagy, Buďte první, kdo vytvoří štítek k tomuto záznamu!
|
MARC
| LEADER | 00000 a a2200000 04500 | ||
|---|---|---|---|
| 001 | 31299 | ||
| 003 | |||
| 040 | |||
| 020 | |a 9968-862-09-6 | ||
| 090 | |a 198002 | ||
| 100 | |a Martinez Franzoni, Juliana | ||
| 245 | |a Ver para creer. La Información ciudadana en América Central: un estudio desde la sociedad civil | ||
| 260 | |a San José: |b Fundacion Acceso. IDRC | ||
| 300 | |a 350 p. | ||
| 650 | |a ESTADO | ||
| 650 | |a ADMINISTRACION DE LA INFORMACION | ||
| 650 | |a SOCIEDAD CIVIL | ||
| 650 | |a GRUPOS POPULARES | ||
| 650 | |a DIFUSION DE LA INFORMACION | ||
| 650 | |a OPINION | ||
| 999 | |c 12022 |d 12022 | ||



